<?xml version="1.0" encoding="UTF-8"?><?xml-stylesheet type="text/xsl" href="static/style.xsl"?><OAI-PMH xmlns="http://www.openarchives.org/OAI/2.0/" xmlns:xsi="http://www.w3.org/2001/XMLSchema-instance" xsi:schemaLocation="http://www.openarchives.org/OAI/2.0/ http://www.openarchives.org/OAI/2.0/OAI-PMH.xsd"><responseDate>2026-06-03T00:42:59Z</responseDate><request verb="GetRecord" identifier="oai:riuma.uma.es:10630/28164" metadataPrefix="marc">https://riuma.uma.es/rest/oai/request</request><GetRecord><record><header><identifier>oai:riuma.uma.es:10630/28164</identifier><datestamp>2026-02-03T11:03:35Z</datestamp><setSpec>com_10630_2254</setSpec><setSpec>col_10630_37953</setSpec></header><metadata><record xmlns="http://www.loc.gov/MARC21/slim" xmlns:dcterms="http://purl.org/dc/terms/" xmlns:doc="http://www.lyncode.com/xoai" xmlns:xsi="http://www.w3.org/2001/XMLSchema-instance" xsi:schemaLocation="http://www.loc.gov/MARC21/slim http://www.loc.gov/standards/marcxml/schema/MARC21slim.xsd">
   <leader>00925njm 22002777a 4500</leader>
   <datafield ind2=" " ind1=" " tag="042">
      <subfield code="a">dc</subfield>
   </datafield>
   <datafield ind2=" " ind1=" " tag="720">
      <subfield code="a">Sainero-Tirado, Gloria</subfield>
      <subfield code="e">author</subfield>
   </datafield>
   <datafield ind2=" " ind1=" " tag="720">
      <subfield code="a">Ramírez-Maestre, María del Carmen</subfield>
      <subfield code="e">author</subfield>
   </datafield>
   <datafield ind2=" " ind1=" " tag="720">
      <subfield code="a">López-Martínez, Alicia Eva</subfield>
      <subfield code="e">author</subfield>
   </datafield>
   <datafield ind2=" " ind1=" " tag="720">
      <subfield code="a">Esteve-Zarazaga, Rosa</subfield>
      <subfield code="e">author</subfield>
   </datafield>
   <datafield ind2=" " ind1=" " tag="260">
      <subfield code="c">2022-07-22</subfield>
   </datafield>
   <datafield ind2=" " ind1=" " tag="520">
      <subfield code="a">Objectives: Several studies have demonstrated posttraumatic stress disorder (PTSD) and chronic pain comorbidity. However, there is a lack of research on the psychological variables that might explain their co-occurrence. We investigated the mediating role of distress intolerance and pain catastrophizing in this relationship. Methods: A moderated mediation model was tested. The sample comprised 114 individuals with chronic noncancer pain (90 women and 24 men; mean age, of 60.04 years [SD=9.76]). Results: Catastrophizing had a significant effect on PTSD. Distress intolerance mediated catastrophizing and PTSD, and pain intensity moderated this relationship. Conclusions: New insights are provided into the psychological variables that may explain PTSD and chronic noncancer pain comorbidity.</subfield>
   </datafield>
   <datafield ind1="8" ind2=" " tag="024">
      <subfield code="a">Sainero-Tirado, G., Ramírez-Maestre, C., López-Martínez, A.E., &amp; Esteve, R. (2022). Distress intolerance and pain catastrophizing as mediating variables in PTSD and chronic noncancer pain comorbidity. Scandinavian Journal of Pain, 23(2), 318-325.</subfield>
   </datafield>
   <datafield ind1="8" ind2=" " tag="024">
      <subfield code="a">https://hdl.handle.net/10630/28164</subfield>
   </datafield>
   <datafield ind1="8" ind2=" " tag="024">
      <subfield code="a">10.1515/sjpain-2022-0041</subfield>
   </datafield>
   <datafield tag="653" ind2=" " ind1=" ">
      <subfield code="a">Dolor</subfield>
   </datafield>
   <datafield tag="653" ind2=" " ind1=" ">
      <subfield code="a">Angustia</subfield>
   </datafield>
   <datafield tag="653" ind2=" " ind1=" ">
      <subfield code="a">Estrés (Psicología)</subfield>
   </datafield>
   <datafield ind2="0" ind1="0" tag="245">
      <subfield code="a">Distress intolerance and pain catastrophizing as mediating variables in PTSD and chronic noncancer pain comorbidity.</subfield>
   </datafield>
</record>
</metadata></record></GetRecord></OAI-PMH>